| 000 | 01254nam a22004337a 4500 | ||
|---|---|---|---|
| 005 | 20260313172801.0 | ||
| 008 | 160118b2015 xxu||||| |||| 00| | spa d | ||
| 020 | _a9789507433702 | ||
| 041 | _aESP | ||
| 082 | _a364.153 P397d | ||
| 100 |
_aPeña Cabrera, Alonso Raúl _91210 |
||
| 245 | _aLos delitos sexuales: análisis dogmático, jurisprudencial y criminológico | ||
| 260 | _aArgentina | ||
| 260 | _bValletta Ediciones | ||
| 260 | _c2015 | ||
| 300 | _a817 páginas | ||
| 490 | _aInvestigación Criminal | ||
| 650 | _aDELITOS SEXUALES | ||
| 650 | _aESTUDIO DE LA VÍCTIMA | ||
| 650 | _aFEMINISMO | ||
| 650 | _aEUTANASIA | ||
| 650 | _aLEGÍTIMA DEFENSA | ||
| 650 | _aACOSO SEXUAL | ||
| 650 | _aVIOLACIÓN SEXUAL | ||
| 650 | _aVIOLACIÓN DE PERSONAS EN ESTADO DE INCONCIENCIA | ||
| 650 | _aVIOLACIÓN DE MENORES | ||
| 650 | _aSEDUCCIÓN | ||
| 650 | _aPROXENETISMO | ||
| 650 | _aPROSTITUCIÓN | ||
| 650 | _aTURISMO SEXUAL | ||
| 650 | _aPROSTITUCIÓN INFANTIL | ||
| 650 | _aPORNOGRAFÍA INFANTIL | ||
| 650 | _aDELITOS CONTRA LA INTEGRIDAD SEXUAL | ||
| 650 | _aVIOLACIÓN DE LA LIBERTAD | ||
| 650 | _aACTOS CONTRA EL PUDOR | ||
| 650 | _aMANUTENCIÓN DE LA PROLE | ||
| 650 | _aRUFIANISMO | ||
| 942 |
_cBK _2ddc |
||
| 999 |
_c7392 _d7392 |
||